000 00256nam a2200097Ia 4500
008 241105s9999 xx 000 0 und d
041 _aeng
100 _aShah Pooja
_9182519
245 _aHyperlinked
260 _bBNCA M. Arch. Digital Architecture
_aPune
_c2024
999 _c362132
_d362132